000 00844nam a2200229 a 4500
001 47200
003 BD-RjUL
005 20211209054256.0
008 160807s2002 bg ||||| |||| 00| 0 eng d
020 _c: Tk. 50.00
035 _a(BD-RjUL)47319
040 _aBD-RjUL
_beng
_cBD-RjUL
041 _aeng
082 _223
_a297.41
_bISA 2002
100 1 _a ইসলাম, মো. নূরুল
_9124832
245 1 0 _aআল কুরআন ও সুন্নাহর আলোকে মানুষ ও সৃষ্টির সেবা /
_cমো. নূরুল ইসলাম
260 _aঢাকা :
_bআশুলিয়া,
_c২০০২
300 _a[৬], ৮৪ পৃ. ;
_c১৮ সেমি.
650 _aইসলামি সুফিবাদ
_9143721
650 _aIslamic mysticism
_9143722
942 _2ddc
_cBK
999 _c47200
_d47200